Adivinhe a língua pela bandeira - Statistics

Estatísticas Gerais
  • Esse quiz foi jogado 42 vezes
  • A pontuação média é 7 de 10
Estatísticas das Respostas
Imagem Resposta % Correto
Inglês
100%
Árabe
97%
Chinês
97%
Francês
97%
Letão
57%
Georgiano
54%
Português
54%
Lituano
49%
Catalão
43%
Urdu
17%
Nenhum quiz correspondente encontrado
Distribuição das Pontuações
Porcentagem de Pessoas com Cada Pontuação
Percentil de Números Respondidos
Sua Pontuação Histórica
Você não jogou esse quiz